Handbook of quantitative forest genetics (Record no. 42257)

MARC details
000 -LEADER
fixed length control field 00441nam a2200157Ia 4500
020 ## - INTERNATIONAL STANDARD BOOK NUMBER
ISBN 0792315685
082 ## - DEWEY DECIMAL CLASSIFICATION NUMBER
Classification number 575:630:311.3
Item number FIN
100 ## - MAIN ENTRY--AUTHOR NAME
Personal name Fins, Lauren
245 #0 - TITLE STATEMENT
Title Handbook of quantitative forest genetics
260 ## - PUBLICATION, DISTRIBUTION, ETC. (IMPRINT)
Place of publication Netherlans
Name of publisher Kluwer Academic Publishers
Year of publication 1992
650 ## - SUBJECT ADDED ENTRY--TOPICAL TERM
Topical Term Field test design
650 ## - SUBJECT ADDED ENTRY--TOPICAL TERM
Topical Term Quantitative genetics
650 ## - SUBJECT ADDED ENTRY--TOPICAL TERM
Topical Term Yield estimation
942 ## - ADDED ENTRY ELEMENTS (KOHA)
Koha item type Books
Holdings
Withdrawn status Lost status Damaged status Not for loan Home library Current library Date acquired Cost, normal purchase price Full call number Accession Number Koha item type
        RRII Library RRII Library 16/12/2021 166.50 575:630:311.3 FIN 22532 Books